[Event "Mechanics' Fall TNM; G/2"]
[Site "San Francisco"]
[Date "2016.11.29"]
[Round "7.37"]
[White "MacIntyre, Brendan"]
[Black "James, Charles"]
[Result "1-0"]
[WhiteElo "1548"]
[BlackElo "1380"]
[Annotator "Donaldson"]
[PlyCount "41"]
[EventDate "2016.??.??"]

1. d4 d5 2. c4 c6 3. Nc3 dxc4 4. Nf3 b5 5. g3 Nf6 6. Bg2 Bf5 (6... Bb7 7. O-O
Nbd7) 7. O-O Nbd7 8. Nh4 b4 9. Nxf5 bxc3 10. bxc3 Rc8 11. Bg5 Qa5 12. Qc2 e6
13. Bxf6 Nxf6 14. Ne3 Qa6 15. Nd1 Be7 16. e4 O-O 17. Ne3 Rfd8 18. Rfd1 Rc7 19.
Bf1 c5 20. Bxc4 Qa5 21. d5 {White shortly. Remaining moves are unavailable.}
1-0

[Event "Mechanics' Alan Benson TNM; G/2"]
[Site "San Francisco"]
[Date "2016.08.23"]
[Round "4.23"]
[White "MacIntyre, Brendan"]
[Black "Maser, Thomas F"]
[Result "0-1"]
[WhiteElo "1548"]
[BlackElo "1927"]
[PlyCount "94"]
[EventDate "2016.??.??"]

1. d4 Nf6 2. c4 e6 3. Nc3 Bb4 4. Nf3 b6 5. e3 Bb7 6. Be2 O-O 7. O-O d5 8. a3
Be7 9. b4 a5 10. b5 Nbd7 11. Bb2 Rc8 12. cxd5 Nxd5 13. Nxd5 exd5 14. Rc1 Bd6
15. Bd3 Qe7 16. a4 f5 17. Qc2 g6 18. Rfe1 Qf6 19. Ra1 g5 20. Ba3 g4 21. Bxd6
cxd6 22. Qe2 gxf3 23. Qxf3 Qg5 24. Rac1 Rxc1 25. Rxc1 f4 26. Qh3 Qe7 27. Rc7
fxe3 28. fxe3 Bc8 29. Qh6 Qg7 30. Qxd6 Qg5 31. Qe6+ Kh8 32. Qh3 Qe7 33. Qh6 Qg7
34. Qd6 Qf6 35. Qxf6+ Nxf6 36. Rc6 Ng4 37. Rxb6 Nxe3 38. Rc6 Bf5 39. Be2 Nc2
40. Bd1 Nxd4 41. Ra6 Bd3 42. Bf3 Nxf3+ 43. gxf3 Rxf3 44. Rd6 Rf1+ 45. Kg2 Rb1
46. Kg3 Bc4 47. Ra6 d4 0-1

[Event "Mechanics' Fall TNM; G/2"]
[Site "San Francisco"]
[Date "2016.11.08"]
[Round "4.39"]
[White "MacIntyre, Brendan"]
[Black "Reed, Nicholas"]
[Result "1-0"]
[WhiteElo "1548"]
[BlackElo "586"]
[PlyCount "75"]
[EventDate "2016.??.??"]

1. d4 d5 2. c4 c5 3. dxc5 dxc4 4. Qxd8+ Kxd8 5. e3 Be6 6. Na3 Na6 7. Nxc4 Bxc4
8. Bxc4 e6 9. c6 Bb4+ 10. Bd2 Bxd2+ 11. Kxd2 Rc8 12. Bxa6 bxa6 13. Nf3 Rxc6 14.
Ne5 Rd6+ 15. Ke2 Nh6 16. Rac1 f6 17. Nc6+ Kd7 18. Nd4 Rd8 19. Rc3 Ke8 20. Rhc1
Nf7 21. f4 e5 22. Nb3 exf4 23. exf4 Re6+ 24. Kf3 g5 25. Nc5 Re7 26. g3 g4+ 27.
Kxg4 Nh6+ 28. Kf3 Nf5 29. Nb3 a5 30. Kf2 a4 31. Nc5 Rd2+ 32. Kf3 Nd4+ 33. Kg4
Rg7+ 34. Kh3 Ne2 35. R3c2 Rxc2 36. Rxc2 Nd4 37. Rd2 Nb5 38. Nxa4 {
and White went on to win. Remaining moves unavailable.} 1-0

[Event "Mechanics' Summer TNM; G/2"]
[Site "San Francisco"]
[Date "2016.07.12"]
[Round "8.24"]
[White "MacIntyre, Brendan"]
[Black "Smith III, Robert"]
[Result "0-1"]
[WhiteElo "1554"]
[BlackElo "1770"]
[Annotator "Donaldson"]
[PlyCount "84"]
[EventDate "2016.??.??"]

1. d4 c6 2. c4 d5 3. e3 Nf6 4. Nc3 e6 5. Nf3 Be7 6. Bd3 dxc4 7. Bxc4 b5 8. Bd3
Bb7 9. O-O a6 10. b3 Nbd7 11. Bb2 O-O 12. Rc1 Rc8 13. e4 c5 14. e5 Nd5 15. Ne4
cxd4 16. Bxd4 Rxc1 17. Qxc1 Qa8 18. Nd6 Bxd6 19. exd6 N5f6 20. Qf4 Be4 21. Be2
Rc8 22. Rc1 Rxc1+ 23. Qxc1 Qc6 24. Qxc6 Bxc6 25. Ne5 Nxe5 26. Bxe5 Nd7 27. f4
Nxe5 28. fxe5 Kf8 29. Kf2 f6 30. Bf3 Bxf3 31. Kxf3 Ke8 32. Ke4 b4 33. Kd4 Kd7
34. g4 h6 35. h4 Ke8 {Diagram [#]} 36. Ke4 (36. Kc5 $1 $18) 36... Kd8 $2 (36...
fxe5 $19) 37. h5 $2 (37. exf6 gxf6 38. Kd4) 37... fxe5 $19 38. g5 hxg5 39. Kf3
Kd7 40. Kg4 Kxd6 41. Kxg5 e4 42. Kf4 Kd5 0-1

[Event "Mechanics' Fall TNM; G/2"]
[Site "San Francisco"]
[Date "2016.10.25"]
[Round "2.19"]
[White "MacIntyre, Brendan"]
[Black "Thornally, Frank"]
[Result "0-1"]
[WhiteElo "1548"]
[BlackElo "2201"]
[PlyCount "68"]
[EventDate "2016.??.??"]

1. d4 d5 2. c4 e6 3. Nc3 Nf6 4. Nf3 Be7 5. Bg5 Nbd7 6. e3 h6 7. Bh4 O-O 8. Bd3
b6 9. cxd5 exd5 10. O-O Bb7 11. Rc1 Re8 12. Qb3 c6 13. a4 a5 14. Bg3 Rc8 15.
Be5 Nxe5 16. Nxe5 Bd6 17. Bf5 Rc7 18. f4 Rce7 19. Ne2 Nh7 20. Bxh7+ Kxh7 21.
Qd3+ Kg8 22. Rf3 c5 23. Ng3 c4 24. Qd2 Re6 25. f5 Rxe5 26. dxe5 Bxe5 27. Ne2
Qh4 28. Nf4 Qg5 29. Nxd5 Rd8 30. Ne7+ Qxe7 31. f6 Bxf6 32. Qc2 Bxf3 33. gxf3
Qxe3+ 34. Kg2 Rd2+ 0-1

[Event "Mechanics' Spring TNM; G/2"]
[Site "San Francisco"]
[Date "2016.04.12"]
[Round "5.47"]
[White "MacIntyre, Brendan"]
[Black "Aafjes, Marc"]
[Result "1-0"]
[WhiteElo "1500"]
[BlackElo "1311"]
[PlyCount "75"]
[EventDate "2016.??.??"]

1. d4 d5 2. c4 Nf6 3. Nc3 e6 4. Bf4 Bd7 5. e3 dxc4 6. Bxc4 Bd6 7. Bg5 O-O 8.
Nf3 Nc6 9. O-O Ne7 10. e4 Bb4 11. Qc2 c6 12. Bd3 h6 13. Bxf6 gxf6 14. Ne2 Ng6
15. h4 f5 16. h5 Nh4 17. Ne5 fxe4 18. Bxe4 f5 19. Bf3 Qg5 20. Qd3 Be8 21. g4
Bxh5 22. Qb3 Rae8 23. Ng3 Nxf3+ 24. Nxf3 Qxg4 25. Nh2 Qxd4 26. Nxh5 Bd6 27.
Rad1 Bxh2+ 28. Kxh2 Qh4+ 29. Qh3 Qxh3+ 30. Kxh3 Re7 31. Rd6 f4 32. Rg1+ Kh7 33.
Re1 Rf5 34. Kh4 e5 35. Kg4 Rg5+ 36. Kh4 Rg6 37. Rxg6 Kxg6 38. Nxf4+ {and ...}
1-0

[Event "Mechanics' Winter TNM; G/2"]
[Site "San Francisco"]
[Date "2016.02.09"]
[Round "6.18"]
[White "MacIntyre, Brendan"]
[Black "Babayan, Gagik"]
[Result "0-1"]
[WhiteElo "1500"]
[BlackElo "1833"]
[PlyCount "117"]
[EventDate "2016.??.??"]

1. d4 Nf6 2. c4 g6 3. Nf3 Bg7 4. Nc3 d6 5. e3 O-O 6. Be2 Nbd7 7. O-O e5 8. Re1
Re8 9. dxe5 dxe5 10. Qc2 c6 11. e4 h6 12. b4 a5 13. Rb1 axb4 14. Rxb4 Bf8 15.
Rb1 Kh7 16. h3 Nc5 17. Bf1 Qc7 18. Nd2 Ne6 19. Nb3 Bb4 20. Bd3 b6 21. Re2 Bb7
22. Be3 Bxc3 23. Qxc3 c5 24. Reb2 Bc6 25. f3 Ra6 26. Qd2 g5 27. Qf2 Ng8 28. h4
f6 29. Qg3 Bd7 30. hxg5 hxg5 31. Qh3+ Kg7 32. Qg3 Ne7 33. Kf2 Rh8 34. Kg1 Ng6
35. Nc1 Ngf4 36. Bxf4 Nxf4 37. Qf2 Rb8 38. Qd2 Rd8 39. Qe3 Be6 40. Bf1 Rd1 41.
Qb3 Qd6 42. Ne2 Nxe2+ 43. Rxe2 Rxb1 44. Qxb1 Bxc4 45. Rb2 Bxf1 46. Qxf1 Qd4+
47. Qf2 c4 48. Rd2 Qxf2+ 49. Kxf2 b5 50. Ke2 Kf7 51. Rb2 Rb6 52. a4 b4 53. a5
Rb8 54. a6 b3 55. Kd2 Ra8 56. Kc3 Rxa6 57. Kxc4 Rd6 58. Kxb3 Kg6 59. Kc4 {
Both sides quit keeping score here. Black later won.} 0-1

[Event "Mechanics' Winter TNM; G/2"]
[Site "San Francisco"]
[Date "2016.01.19"]
[Round "3.34"]
[White "MacIntyre, Brendan"]
[Black "Poling, Scott E"]
[Result "1-0"]
[WhiteElo "1500"]
[BlackElo "2003"]
[PlyCount "115"]
[EventDate "2016.??.??"]

1. d4 d5 2. c4 c6 3. e3 Nf6 4. Nc3 Bf5 5. Nf3 e6 6. Be2 h6 7. O-O Nbd7 8. Qb3
Qb6 9. cxd5 Qxb3 10. axb3 exd5 11. Bd2 Bd6 12. Rfc1 O-O 13. Na4 Ne4 14. Be1
Rfe8 15. b4 a6 16. Nc5 Rab8 17. Nh4 Be6 18. Nxe6 Rxe6 19. Bg4 Re7 20. Nf5 Ndf6
21. Nxe7+ Bxe7 22. Be2 Nd6 23. f3 Nb5 24. Bxb5 axb5 25. Ra7 Bd6 26. Bg3 Bxg3
27. hxg3 Nd7 28. Kf2 Kf8 29. Rh1 Ke7 30. e4 dxe4 31. fxe4 Nf6 32. Kf3 Kd7 33.
Rh4 Kc7 34. Rf4 Kb6 35. Ra3 Rd8 36. Rd3 Rd7 37. g4 Kc7 38. Rf5 Nh7 39. Kf4 Ng5
40. Rxg5 hxg5+ 41. Kxg5 Rd6 42. b3 Rg6+ 43. Kh4 Re6 44. e5 f6 45. Re3 Kd7 46.
g5 fxe5 47. Rxe5 Rxe5 48. dxe5 Ke6 49. Kh5 Kxe5 50. Kg6 Kf4 51. Kxg7 Kxg5 52.
Kf7 b6 53. Ke6 c5 54. Kd5 cxb4 55. Kc6 Kg4 56. Kxb5 Kg3 57. Kxb4 Kxg2 58. Kb5
1-0

[Event "Mechanics' Alan Benson TNM; G/2"]
[Site "San Francisco"]
[Date "2016.08.09"]
[Round "2.18"]
[White "MacIntyre, Brendan"]
[Black "Pryor, Jamieson"]
[Result "0-1"]
[WhiteElo "1548"]
[BlackElo "2032"]
[PlyCount "58"]
[EventDate "2016.??.??"]

1. d4 Nf6 2. c4 e6 3. Nc3 Bb4 4. Nf3 O-O 5. e3 Bxc3+ 6. bxc3 d6 7. Qc2 c5 8. e4
Nc6 9. Bd3 e5 10. Bb2 Bg4 11. O-O Bxf3 12. gxf3 cxd4 13. cxd4 exd4 14. Kh1 Nh5
15. Rg1 Qf6 16. f4 Nxf4 17. e5 dxe5 18. Bxh7+ Kh8 19. Rg3 g6 20. Bc1 Kxh7 21.
Qe4 Kg7 22. Rg4 Rh8 23. Bxf4 exf4 24. Rxf4 Qe5 25. Qf3 f5 26. Rg1 Rh6 27. Rg3
Rah8 28. h3 Rxh3+ 29. Kg2 Rh2+ 0-1

[Event "Mechanics' Spring TNM; G/2"]
[Site "San Francisco"]
[Date "2016.04.05"]
[Round "4.41"]
[White "MacIntyre, Brendan"]
[Black "Weingarten, Daniel"]
[Result "0-1"]
[WhiteElo "1500"]
[BlackElo "952"]
[PlyCount "78"]
[EventDate "2016.??.??"]

1. d4 Nf6 2. c4 d6 3. Nc3 Nc6 4. Nf3 Bf5 5. e3 g6 6. Be2 Bg7 7. O-O O-O 8. a3
Ne4 9. Nxe4 Bxe4 10. Nd2 Bf5 11. Nf3 a5 12. Bd2 a4 13. b4 axb3 14. Qxb3 Qd7 15.
Rad1 Rfb8 16. Bb4 Bg4 17. Rfe1 e6 18. d5 exd5 19. cxd5 Ne5 20. Nxe5 Bxe5 21. f3
Bf5 22. e4 Bh3 23. gxh3 Qxh3 24. Kf2 Qxh2+ 25. Ke3 Qf4+ 26. Kd3 f5 27. Bd2
fxe4+ 28. fxe4 Qg3+ 29. Be3 Bf4 30. Bf1 Re8 31. Re2 Qf3 32. Bg2 Qg3 33. Bf1 Ra7
34. Kd4 Rea8 35. Rd3 Be5+ 36. Kc4 b5+ 37. Qxb5 Ra4+ 38. Kb3 Rxa3+ 39. Kc2 Ra2+
0-1

[Event "Mechanics' Fall TNM; G/2"]
[Site "San Francisco"]
[Date "2016.11.01"]
[Round "3.36"]
[White "Malykin, Erika"]
[Black "Adams, Sophie"]
[Result "1-0"]
[WhiteElo "1599"]
[BlackElo "1224"]
[PlyCount "63"]
[EventDate "2016.??.??"]

1. e4 e5 2. Nf3 Nc6 3. Bc4 Bc5 4. d3 d6 5. Be3 Bxe3 6. fxe3 Nf6 7. O-O O-O 8.
Nbd2 Qe7 9. Qe1 a6 10. d4 b5 11. Bb3 Na5 12. Nh4 Nxb3 13. axb3 Bb7 14. Nf5 Qd8
15. Qg3 g6 16. Nh6+ Kg7 17. Nf5+ Kg8 18. Nh6+ Kg7 19. Ng4 Nxe4 20. Nxe4 Bxe4
21. dxe5 Bxc2 22. Qf4 g5 23. Qd4 dxe5 24. Qxe5+ f6 25. Qc3 Bg6 26. Rad1 Qe7 27.
Qc6 Be4 28. Rd7 Bxc6 29. Rxe7+ Rf7 30. Rxf7+ Kxf7 31. Rxf6+ Kg7 32. Rxc6 1-0

[Event "Mechanics' Winter TNM; G/2"]
[Site "San Francisco"]
[Date "2016.01.12"]
[Round "2.18"]
[White "Malykin, Erika"]
[Black "Bekhtur, Bayaraa"]
[Result "0-1"]
[WhiteElo "1596"]
[BlackElo "1915"]
[PlyCount "70"]
[EventDate "2016.??.??"]

1. e4 e5 2. Nf3 Nc6 3. Bc4 Bc5 4. d3 Nf6 5. h3 O-O 6. Nc3 h6 7. Nd5 Nxd5 8.
Bxd5 Ne7 9. Bc4 d6 10. Qe2 a6 11. Be3 Bxe3 12. fxe3 b5 13. Bb3 c5 14. Bd5 Rb8
15. O-O Bb7 16. Bxb7 Rxb7 17. d4 cxd4 18. exd4 Qb6 19. Qd3 Ng6 20. g3 Rd8 21.
Kg2 d5 22. Rae1 f5 23. Nxe5 fxe4 24. Qe3 Nxe5 25. dxe5 Qe6 26. Qd4 Rc7 27. c3
Rc4 28. Qa7 b4 29. cxb4 Qxe5 30. Re2 Qe6 31. Ref2 e3 32. Rf7 Rc2+ 33. Kg1 Qe4
34. Rxg7+ Kh8 35. Rf3 e2 0-1

[Event "Mechanics' Fall TNM; G/2"]
[Site "San Francisco"]
[Date "2016.11.29"]
[Round "7.32"]
[White "Malykin, Erika"]
[Black "Frank, Robert H"]
[Result "1-0"]
[WhiteElo "1599"]
[BlackElo "1269"]
[PlyCount "75"]
[EventDate "2016.??.??"]

1. e4 e5 2. Nf3 Nf6 3. Nc3 Nc6 4. Bc4 Bc5 5. d3 d6 6. h3 h6 7. O-O O-O 8. Nd5
Nxd5 9. Bxd5 Re8 10. a3 a5 11. Bd2 Be6 12. Bxc6 bxc6 13. b4 axb4 14. axb4 Bb6
15. Qe2 c5 16. b5 Bd7 17. c4 c6 18. bxc6 Bxc6 19. Nh2 Ba5 20. Bxa5 Rxa5 21.
Rxa5 Qxa5 22. f4 exf4 23. Rxf4 Qa1+ 24. Rf1 Qd4+ 25. Kh1 Re6 26. Nf3 Qc3 27.
Nh4 Rf6 28. Nf5 Qe5 29. Qg4 Rg6 30. Qh4 Rf6 31. g4 Qe6 32. g5 hxg5 33. Qxg5 Rg6
34. Ne7+ Kh7 35. Nxg6 Qxh3+ 36. Kg1 Qh6 37. Qxh6+ Kxh6 38. Ne7 1-0

[Event "Mechanics' Fall TNM; G/2"]
[Site "San Francisco"]
[Date "2016.11.15"]
[Round "5.30"]
[White "Malykin, Erika"]
[Black "Moren, Brandon"]
[Result "1/2-1/2"]
[WhiteElo "1599"]
[BlackElo "975"]
[Annotator "Donaldson"]
[PlyCount "120"]
[EventDate "2016.??.??"]

1. e4 c5 2. Nf3 d6 3. Bb5+ Nc6 4. d4 a6 5. Bxc6+ bxc6 6. dxc5 Qa5+ 7. Nc3 Qxc5
8. Be3 Qb4 9. Rb1 Nf6 10. a3 Qa5 11. Nd2 g6 12. Nc4 Qc7 13. Nb6 Rb8 14. Nxc8
Qxc8 15. e5 Ng4 16. exd6 Nxe3 17. d7+ Qxd7 18. fxe3 Qe6 19. Qf3 Bg7 20. O-O O-O
21. Na4 Rb5 22. b3 Rf5 23. Qe2 Rxf1+ 24. Rxf1 a5 25. Nc5 Qc8 26. Qd2 Bh6 27.
Kh1 Qc7 28. Rd1 Re8 29. Qc3 Rd8 30. Rxd8+ Qxd8 31. Qd4 Qb6 32. Nd7 Qb5 33. Qd3
Qxd3 34. cxd3 Bxe3 35. Ne5 c5 36. Nc6 Bc1 37. a4 Bd2 38. Nxe7+ Kf8 39. Nd5 f5
40. Kg1 Kf7 41. Kf1 Ke6 42. Nc7+ Ke5 43. Nb5 Kf4 44. Ke2 Bc1 45. Nc3 Bb2 46.
Nb5 g5 47. Nd6 Bc3 48. g3+ Kg4 49. Kf2 f4 50. gxf4 Kxf4 51. Ne4 Bd4+ 52. Ke2 h5
53. Nd2 g4 54. Ne4 h4 55. Nd2 g3 56. hxg3+ Kxg3 57. Nf1+ Kg2 58. Nd2 h3 59. Nf3
h2 60. Nxh2 Kxh2 {Black is completely winning but the game was eventually
drawn. Remaining moves unavailable.} 1/2-1/2

[Event "Mechanics' Spring TNM; G/2"]
[Site "San Francisco"]
[Date "2016.05.03"]
[Round "8.32"]
[White "Malykin, Erika"]
[Black "Morgan, Jerry Dugl"]
[Result "1-0"]
[WhiteElo "1596"]
[BlackElo "1653"]
[Annotator "Donaldson"]
[PlyCount "41"]
[EventDate "2016.??.??"]

1. e4 Nf6 2. Nc3 e5 3. Bc4 Nxe4 4. Nxe4 (4. Qh5) 4... d5 5. Bxd5 Qxd5 6. d3 f5
7. Qh5+ Qf7 8. Qxf7+ Kxf7 9. Ng5+ Kf6 10. Ne2 Nc6 11. a3 h6 12. Nf3 f4 13. Bd2
Bc5 14. Bc3 Re8 {Diagram [#]} (14... Kf5) 15. Nxf4 $1 Bd6 16. Nd5+ Kf7 17. O-O
Bg4 18. Nd2 Nd4 19. Bxd4 exd4 20. Ne4 Bf4 $4 21. Nxf4 1-0

[Event "Mechanics' Winter TNM; G/2"]
[Site "San Francisco"]
[Date "2016.02.02"]
[Round "5.26"]
[White "Malykin, Erika"]
[Black "Nelson, Christopher"]
[Result "0-1"]
[WhiteElo "1596"]
[BlackElo "1732"]
[PlyCount "72"]
[EventDate "2016.??.??"]

1. e4 e6 2. Nf3 d5 3. exd5 exd5 4. d4 Bd6 5. Be3 Bg4 6. h3 Bh5 7. Be2 Ne7 8.
Nc3 f6 9. Nh4 Bf7 10. Bg4 g6 11. Bh6 f5 12. Bf3 Nd7 13. Qe2 c5 14. Nxd5 Bxd5
15. Bxd5 cxd4 16. O-O Be5 17. f4 Bf6 18. Nf3 Qb6 19. Kh1 O-O-O 20. Qc4+ Kb8 21.
Rfe1 Nxd5 22. Qxd5 Ne5 23. Qb3 Qxb3 24. axb3 Nxf3 25. gxf3 d3 26. Bg5 Bxg5 27.
fxg5 dxc2 28. Kg1 Rd2 29. Rf1 Re8 30. b4 Ree2 31. Rfc1 Kc7 32. b3 Kd6 33. Kf1
Rf2+ 34. Kg1 Ke5 35. Rxa7 Kf4 36. Raa1 Kg3 0-1

[Event "Mechanics' Spring TNM; G/2"]
[Site "San Francisco"]
[Date "2016.04.12"]
[Round "5.24"]
[White "Malykin, Erika"]
[Black "Porlares, Teodoro"]
[Result "0-1"]
[WhiteElo "1596"]
[BlackElo "1852"]
[Annotator "Winslow"]
[PlyCount "80"]
[EventDate "2016.??.??"]

1. e4 c6 2. Nf3 d5 3. Nc3 dxe4 ({The main line (of the 2Ns) starts} 3... Bg4 4.
h3 Bxf3 5. Qxf3 e6) 4. Nxe4 Bf5 $2 {"Every Russian schoolboy knows" that the
Two Knights Variation of the Caro Kann is as much intended to make 4...Bf5 bad
as anything else...} 5. Ng3 Bg6 {Diagram [#]} 6. Bc4 $6 ({
The known continuation goes} 6. h4 h6 7. Ne5 $1 Bh7 8. Qh5 $1 {when} g6 {
is too ugly for contemplation.}) 6... e6 7. d4 Nd7 8. c3 Ngf6 9. Bg5 Be7 10.
Ne5 O-O 11. O-O h6 $2 12. Bxf6 Nxf6 13. Nxg6 fxg6 14. Bxe6+ Kh7 15. Qc2 Qd6 16.
Rae1 Rae8 17. f4 Bd8 18. f5 g5 19. Ne4 Nxe4 20. Qxe4 Bc7 21. g3 Rf6 22. Bg8+ $4
{Hallucination!} Rxg8 23. Qe7 Rgf8 24. Re6 Rxe6 25. Qxe6 Qxe6 26. fxe6 Rxf1+
27. Kxf1 Kg6 28. c4 Kf6 29. d5 cxd5 30. cxd5 Bd6 31. Ke2 Ke5 32. g4 Kxd5 33. h3
Kxe6 34. Kd3 g6 35. Ke4 h5 36. b3 b5 37. Kd4 a5 38. a4 bxa4 39. bxa4 Bb4 40.
Ke4 Bc5 0-1

[Event "Mechanics' Spring TNM; G/2"]
[Site "San Francisco"]
[Date "2016.04.26"]
[Round "7.22"]
[White "Malykin, Erika"]
[Black "Royzen, Igor"]
[Result "0-1"]
[WhiteElo "1596"]
[BlackElo "1879"]
[PlyCount "76"]
[EventDate "2016.??.??"]

1. e4 c6 2. Nc3 d5 3. d3 Nf6 4. Bf4 Bg4 5. f3 Bh5 6. Nh3 e6 7. Bg5 Be7 8. Nf4
Bg6 9. h4 h6 10. Nxg6 fxg6 11. Bf4 O-O 12. Be2 Nxe4 13. Nxe4 Rxf4 14. g3 Rf8
15. Nf2 Nd7 16. d4 e5 17. Qd3 exd4 18. Qxg6 Bb4+ 19. Kf1 Qf6 20. Qg4 Ne5 21.
Qxd4 Nxf3 22. Qxf6 Rxf6 23. Bxf3 Rxf3 24. Kg2 Raf8 25. Raf1 Bd6 26. Rhg1 Rxg3+
27. Kh1 Rxg1+ 28. Kxg1 Bc5 29. Kg2 Rxf2+ 30. Rxf2 Bxf2 31. Kxf2 Kf7 32. Kf3 g6
33. b4 Kf6 34. c3 Ke5 35. a3 b6 36. a4 c5 37. b5 d4 38. c4 Kf5 0-1

[Event "Mechanics' Summer TNM; G/2"]
[Site "San Francisco"]
[Date "2016.05.24"]
[Round "1.4"]
[White "Malykin, Erika"]
[Black "Sun, James"]
[Result "0-1"]
[WhiteElo "1612"]
[BlackElo "2270"]
[PlyCount "72"]
[EventDate "2016.??.??"]

1. e4 c6 2. Nf3 d5 3. Nc3 dxe4 4. Nxe4 Nf6 5. Nxf6+ gxf6 6. d4 Bg4 7. Be2 e6 8.
c3 Bd6 9. h3 Bh5 10. g4 Bg6 11. Bd3 Nd7 12. Bh6 Qb6 13. b3 O-O-O 14. Qc2 c5 15.
Be3 Qc6 16. Bxg6 hxg6 17. Ke2 Kb8 18. Rac1 cxd4 19. Nxd4 Qa6+ 20. Qd3 Qxd3+ 21.
Kxd3 a6 22. Rc2 Ne5+ 23. Ke2 Nxg4 24. Bc1 Bc5 25. Rg1 Nxf2 26. Kxf2 e5 27. b4
Bb6 28. Kg2 exd4 29. Bf4+ Ka7 30. cxd4 Rxd4 31. Rf1 Rxb4 32. Bd2 Rbh4 33. Rxf6
Rxh3 34. Rxf7 Rh2+ 35. Kg3 R8h3+ 36. Kg4 Rd3 0-1

[Event "Mechanics' Summer TNM; G/2"]
[Site "San Francisco"]
[Date "2016.06.14"]
[Round "4.18"]
[White "Malykin, Erika"]
[Black "Tracy, Joseph J"]
[Result "0-1"]
[WhiteElo "1612"]
[BlackElo "2179"]
[PlyCount "52"]
[EventDate "2016.??.??"]

1. e4 e6 2. Nf3 d5 3. exd5 exd5 4. d4 Nf6 5. Bg5 h6 6. Bh4 Be7 7. Bd3 Ne4 8.
Bxe7 Qxe7 9. Bxe4 dxe4 10. Ne5 Qb4+ 11. Qd2 Qxb2 12. Qc3 Qc1+ 13. Ke2 Qxh1 14.
Qxc7 O-O 15. Qc4 b6 16. Qd5 Ba6+ 17. c4 Nc6 18. Nxc6 Qxg2 19. Nd2 Rae8 20. Ne5
Rd8 21. Qxe4 Qxe4+ 22. Nxe4 Rxd4 23. Ke3 Rfd8 24. Rg1 Bxc4 25. Nf6+ Kf8 26.
Nfd7+ R8xd7 0-1

[Event "Mechanics' Spring TNM; G/2"]
[Site "San Francisco"]
[Date "2016.03.15"]
[Round "1.7"]
[White "Malykin, Erika"]
[Black "Vickers, Keith"]
[Result "0-1"]
[WhiteElo "1596"]
[BlackElo "2200"]
[PlyCount "58"]
[EventDate "2016.??.??"]

1. e4 d5 2. exd5 Qxd5 3. Nc3 Qd6 4. d3 Nf6 5. Nf3 Bg4 6. Be2 Nc6 7. Be3 e5 8.
a3 Be7 9. h3 Bh5 10. Nh4 Bxe2 11. Qxe2 g6 12. Rd1 a6 13. Ne4 Qd5 14. c4 Qa5+
15. Qd2 Nxe4 16. Qxa5 Nxa5 17. Nf3 Nd6 18. Nxe5 f6 19. Ng4 Nf5 20. O-O Nc6 21.
d4 h5 22. Nh2 O-O-O 23. d5 Ne5 24. Rc1 Nxe3 25. fxe3 Nd3 26. Rc2 f5 27. b4 Bg5
28. Re2 Rhe8 29. Rf3 h4 0-1

[Event "Mechanics' Fall TNM; G/2"]
[Site "San Francisco"]
[Date "2016.10.18"]
[Round "1.17"]
[White "Manvelyan, Hovik"]
[Black "Abraham, Michael D"]
[Result "1-0"]
[WhiteElo "2007"]
[BlackElo "1512"]
[Annotator "Donaldson"]
[PlyCount "47"]
[EventDate "2016.??.??"]

1. d4 Nf6 2. c4 e6 3. Nc3 Be7 $6 (3... Bb4) 4. e4 d6 5. Bd3 Nc6 6. Nge2 O-O 7.
O-O Re8 8. h3 a6 9. Be3 e5 10. a3 Bd7 11. Qc2 Qc8 12. d5 Nd8 13. Kh2 Rf8 14. f4
exf4 15. Nxf4 g5 16. Nfe2 g4 17. Bd4 Nh5 18. e5 dxe5 19. Bxh7+ Kg7 20. Bxe5+
Bf6 {Diagram [#]} 21. Rxf6 $1 Nxf6 22. Rf1 Re8 23. Bxf6+ Kf8 24. Qd2 1-0

[Event "Mechanics' Fall TNM; G/2"]
[Site "San Francisco"]
[Date "2016.11.01"]
[Round "3.21"]
[White "Manvelyan, Hovik"]
[Black "Casares Jr, Nick"]
[Result "1-0"]
[WhiteElo "2007"]
[BlackElo "1617"]
[PlyCount "85"]
[EventDate "2016.??.??"]

1. d4 d5 2. c4 dxc4 3. Nf3 Nf6 4. Qa4+ c6 5. Qxc4 Bf5 6. Nc3 Nbd7 7. g3 Nb6 8.
Qb3 Be6 9. Qc2 Nbd5 10. Ng5 Nb4 11. Qd1 Bf5 12. e4 Bg6 13. a3 Na6 14. Bg2 h6
15. Nh3 e6 16. Nf4 Bh7 17. O-O Be7 18. Be3 O-O 19. Qe2 Rc8 20. Rfd1 Nc7 21. f3
b6 22. Rac1 Re8 23. Nd3 Nd7 24. Ne5 Na8 25. Nd3 Nc7 26. Na2 Na8 27. Bh3 Bf8 28.
Nab4 Nb8 29. Rc3 f5 30. e5 g5 31. f4 gxf4 32. Nxf4 c5 33. dxc5 Qe7 34. Nbd3 Nc6
35. Bg2 Red8 36. cxb6 axb6 37. Rxc6 Rxc6 38. Bxc6 Kf7 39. Nb4 Bg7 40. Rxd8 Qxd8
41. Qd3 Qc8 42. Qd6 Bf8 43. Qxe6+ 1-0

[Event "Mechanics' Fall TNM; G/2"]
[Site "San Francisco"]
[Date "2016.11.15"]
[Round "5.12"]
[White "Manvelyan, Hovik"]
[Black "Newey, Richard"]
[Result "1-0"]
[WhiteElo "2007"]
[BlackElo "1773"]
[Annotator "Donaldson"]
[PlyCount "85"]
[EventDate "2016.??.??"]

1. d4 Nf6 2. c4 e5 3. dxe5 Ng4 4. Bf4 Nc6 5. Nf3 Bb4+ 6. Nc3 Bxc3+ 7. bxc3 Qe7
8. Qd5 f6 9. exf6 Nxf6 10. Qd3 d6 11. e3 Be6 12. Nd4 Ne5 13. Bxe5 dxe5 14. Nxe6
Qxe6 15. Be2 Rd8 16. Qc2 O-O 17. O-O c5 (17... Nd7 {
to put the knight on c5 was another idea.}) 18. Rad1 e4 19. Rxd8 Rxd8 20. Rd1
Rxd1+ 21. Qxd1 Qd7 22. h3 Qxd1+ 23. Bxd1 b6 24. Bc2 h6 25. f3 exf3 26. gxf3 Kf7
27. Kf2 Ne8 28. f4 Nd6 29. Bd3 Ke6 30. Kf3 Ne8 31. h4 Nf6 32. e4 h5 33. e5 Ng4
34. Bg6 Nh2+ 35. Ke4 Nf1 36. f5+ Ke7 37. Kd3 Ng3 38. a3 Kd7 39. f6 gxf6 40.
exf6 Ke6 41. f7 Ke7 42. Kd2 Kf8 43. Ke1 1-0

[Event "Mechanics' Spring TNM; G/2"]
[Site "San Francisco"]
[Date "2016.04.19"]
[Round "6.23"]
[White "Marcus, Joel"]
[Black "Abraham, Michael D"]
[Result "1-0"]
[WhiteElo "1936"]
[BlackElo "1549"]
[PlyCount "67"]
[EventDate "2016.??.??"]

1. d4 Nf6 2. Nf3 e6 3. Bf4 c5 4. c3 Be7 5. e3 d6 6. Nbd2 Nbd7 7. Bd3 b6 8. h3
Bb7 9. O-O O-O 10. e4 d5 11. e5 Ne4 12. Re1 f5 13. exf6 Ndxf6 14. Be5 Bd6 15.
Bxf6 Nxf6 16. Ng5 Ne4 17. Ngxe4 dxe4 18. Nxe4 Bxe4 19. Bxe4 Qf6 20. Qf3 Qh4 21.
Qe3 Rad8 22. Bf3 cxd4 23. Qxe6+ Kh8 24. Re4 Qg5 25. Rg4 Qd2 26. Rxd4 Qxb2 27.
Rad1 Bc7 28. Qe7 Rc8 29. Rc4 Rce8 30. Qxc7 Qxa2 31. Rg4 Rg8 32. Rd7 Re1+ 33.
Kh2 Qe6 34. Rgxg7 1-0

[Event "Mechanics' Winter TNM; G/2"]
[Site "San Francisco"]
[Date "2016.02.02"]
[Round "5.25"]
[White "Marcus, Joel"]
[Black "Agdamag, Samuel"]
[Result "1-0"]
[WhiteElo "1893"]
[BlackElo "1427"]
[PlyCount "45"]
[EventDate "2016.??.??"]

1. d4 Nf6 2. Nf3 e6 3. Bf4 c5 4. c3 Nc6 5. e3 Be7 6. Nbd2 O-O 7. Bd3 b6 8. O-O
Bb7 9. Nc4 d5 10. Nce5 cxd4 11. exd4 a6 12. Re1 Rc8 13. Nxc6 Rxc6 14. Ne5 Rc8
15. Qf3 Re8 16. Qh3 Bf8 17. Bg5 g6 18. Qh4 Bg7 19. Ng4 h5 20. Nxf6+ Bxf6 21.
Bxf6 Qd6 22. Qg5 Qf8 23. Bxg6 1-0

[Event "Mechanics' Summer TNM; G/2"]
[Site "San Francisco"]
[Date "2016.06.14"]
[Round "4.15"]
[White "Marcus, Joel"]
[Black "Boldi, Ethan Vaugh"]
[Result "1/2-1/2"]
[WhiteElo "1913"]
[BlackElo "1746"]
[PlyCount "75"]
[EventDate "2016.??.??"]

1. d4 d5 2. Bf4 Nf6 3. Nf3 c5 4. c3 Nc6 5. e3 e6 6. Bd3 Qb6 7. Qc2 Bd7 8. Nbd2
Rc8 9. Rb1 cxd4 10. Qb3 Qxb3 11. Nxb3 dxc3 12. bxc3 Nh5 13. Bg3 Nxg3 14. hxg3
e5 15. e4 dxe4 16. Bxe4 f5 17. Bd5 e4 18. Ng5 Ne5 19. f4 exf3 20. gxf3 h6 21.
f4 Bc6 22. Bxc6+ Nxc6 23. Kf2 Be7 24. Ne6 Kf7 25. Rhe1 Rhe8 26. Nbd4 Nxd4 27.
cxd4 b6 28. a4 Bb4 29. Rxb4 Rxe6 30. Rd1 Rc2+ 31. Kf3 Ree2 32. a5 Rf2+ 33. Ke3
Rg2 34. Kf3 Rgd2 35. Rxd2 Rxd2 36. Ke3 Rg2 37. Kf3 Rd2 38. Ke3 1/2-1/2